00435pab a2200133 454500008004000000100001900040245011200059260000900171300001300180362001200193650003400205650002000239773004200259180718b2008 xxu||||| |||| 00| 0 eng d aAtienza, Vella aBreakthroughs in solid waste management: lessons from selected municipality and Barangay in the Philippines c2008 ap.82-98. aJan-Dec aWaste treatment - Philippines aWaste treatment aAsian Review of Public Administration